Statistiques concernant Personnages dans Le Coeur a ses raisons par images

Cliquez ici pour prendre le quiz!

Statistiques générales

  • Ce quiz a été pris 23 fois
  • Le résultat moyen est 14 sur 16

Statistiques - réponses

Réponse% Correct
Becky Walters
100%
Brad Montgomery
100%
Brenda Montgomery
94%
Brett Montgomery
94%
Criquette Rockwell
94%
Crystale Bouvier-Montgomery
94%
Madge
94%
Ashley Rockwell
88%
Lewis
88%
Peter Malboro
88%
Ridge Taylor
88%
Bo Bellingsworthhh
81%
Megan Barrington-Montgomery
81%
Révérend McDougall
81%
Britany Jenkins
69%
Drucilla Fleishman
63%

Distribution des résultats

Percentile par nombre de réponses

% des personnes avec chaque résultat

Votre développement - résultats

Vous n’avez pas pris ce quiz